000 00703nam a2200193Ia 4500
005 20250508160145.0
008 008 250505s9999 xx 000 0 eng d
037 _aBooks to be hide in OPAC
040 _aFEDL
_beng
_cFEDL
041 _aeng
_2eng
084 _a370.973, UNI/O
_qFEDL
100 _aNorton Helen Rich
_9767999
245 0 _aDepartment-store education: An account of the training methods developed at the boston school of salesmanship under the direction of Lucinda Wyman prince
260 _aWashington, USA
_bU.S. Government Printing Office
_c1917
300 _a79p.
546 _aBulletin, 1917, No. 9
942 _cHB
_h370.973, UNI/O
999 _c1362281
_d1362281